LEADER 00922nam0-22003491i-450- 001 990001498680403321 005 20090731111457.0 010 $a88-386-0181-X 035 $a000149868 035 $aFED01000149868 035 $a(Aleph)000149868FED01 035 $a000149868 100 $a20021203d1990----km-y0itay50------ba 101 1 $aita$ceng 102 $aIT 105 $a----a---001yy 200 1 $aUnix system V$fStephen R. Bourne 210 $aMilano$cAddison-Wesley$dc1990 215 $a483 p.$d24 cm 304 $atit. orig.: Unix system V. Environment 305 $ac1987, Bell Telephone 610 0 $aSistemi operativi 610 0 $aUnix 676 $a005.43$v21 700 1$aBourne,$bStephen R.$066947 801 0$aIT$bUNINA$gRICA$2UNIMARC 901 $aBK 912 $a990001498680403321 952 $a005.43-BOU-1$b2156$fSC1 959 $aSC1 996 $aUnix system V$9377375 997 $aUNINA LEADER 00885nam0-22003131i-450- 001 990001102380403321 035 $a000110238 035 $aFED01000110238 035 $a(Aleph)000110238FED01 035 $a000110238 100 $a20000920d1988----km-y0itay50------ba 101 0 $aeng 200 1 $aFourier Analysis$fT.W. Korner 210 $aCambridge$cCambridge University Press$d1988 610 0 $aCalcolo delle variazioni 610 0 $aDifferenze finite 610 0 $aIntegrali di fourier 610 0 $aTrasformazioni di fourier e laplace 610 0 $aFunzioni di variabile complessa 676 $a517.4-9 700 1$aKorner,$bThomas William$f<1946- >$052522 801 0$aIT$bUNINA$gRICA$2UNIMARC 901 $aBK 912 $a990001102380403321 952 $a16-136$b17536$fFI1 959 $aFI1 996 $aFourier Analysis$9338056 997 $aUNINA DB $aING01 LEADER 01677nam 22004573 450 001 9911002572503321 005 20250911084514.0 010 $a1-62671-111-9 035 $a(CKB)38814900800041 035 $a(MiAaPQ)EBC32222823 035 $a(Au-PeEL)EBL32222823 035 $a(OCoLC)1520466249 035 $a(NjHacI)9938814900800041 035 $a(EXLCZ)9938814900800041 100 $a20250911d2025 uy 0 101 0 $aeng 135 $aur||||||||||| 181 $ctxt$2rdacontent 182 $cc$2rdamedia 183 $acr$2rdacarrier 200 10$aBell Telephone System's Preeminent Role in the Growth of Industrial Design 205 $a1st ed. 210 1$aWest Lafayette, IN :$cPurdue University Press,$d2025. 210 4$dİ2025. 215 $a1 online resource (181 pages) 311 08$a1-62671-109-7 330 $aHistories of design pay scant attention to the corded telephone, which played an immeasurable role in early communication.Although the Bell System, with many Nobel Prizes, is justly acknowledged for its technical prowess, it should also be recognized for its early and considerable impact on the developing discipline of industrial design. 606 $aTelephone$xDesign 606 $aTelephone$xHistory 615 0$aTelephone$xDesign. 615 0$aTelephone$xHistory. 676 $a621.386 700 $aMeyer$b R. O$g(Ralph O.),$01386854 701 $aFlinchum$b Russell A$01848302 801 0$bMiAaPQ 801 1$bMiAaPQ 801 2$bMiAaPQ 906 $aBOOK 912 $a9911002572503321 996 $aBell Telephone System?s Preeminent Role in the Growth of Industrial Design$94464516 997 $aUNINA